| 000 | 00413nam a22001457a 4500 | ||
|---|---|---|---|
| 008 | 220517b |||||||| |||| 00| 0 eng d | ||
| 020 | _a0883441845. | ||
| 050 | _aBS544. B3713 | ||
| 100 |
_aBarbotin, Edmond _951635 |
||
| 245 |
_aThe humanity of God; _cEdmond, Barbotin |
||
| 260 |
_aNew York: _bOrbis Books, _c1970. |
||
| 300 |
_avi,310p.; _c22cm. |
||
| 650 |
_aGod, _xbiblical teaching |
||
| 942 |
_cMONOGRAPH _2lcc |
||
| 999 |
_c131446 _d131446 |
||